Odpisy dlhodobého hmotného majetku ako nástroj eliminácie rizík a neistôt diplomová práca

Saved in:
Bibliographic Details
Main Author: Šandrejová, Eva
Corporate Author: Fakulta hospodárskej informatiky EU. Katedra účtovníctva a audítorstva
Other Authors: Szász, Marek
Format: Book
Language:Slovak
Published: Bratislava 2016
Tags: Add Tag
No Tags, Be the first to tag this record!

MARC

LEADER 00000nbm a2200000 4500
001 0216858
005 20240905105244.1
041 0 |a slo 
044 |a SK 
245 1 0 |a Odpisy dlhodobého hmotného majetku ako nástroj eliminácie rizík a neistôt  |b diplomová práca  |c Eva Šandrejová ; školiteľ: Marek Szász 
264 1 |a Bratislava  |c 2016 
300 |a 65 s. 
100 1 |a Šandrejová, Eva 
700 1 |a Szász, Marek 
710 2 |a Fakulta hospodárskej informatiky EU. Katedra účtovníctva a audítorstva